Kambodžské království a Česká republika
Prvé správy o Kambodžskom kráľovstve v českom jazyku. Pohľad do histórie - Kambodža ako francúzska kolónia. Československo-kambodžské vzťahy v rokoch 1956-1970. Hospodárske, kultúrne a športové vzťahy. Prevrat v roku 1970 a postupné zmrazenie vzťahov s Kambodžou. Záverečná fáza diplomatických vzťaho...
Enregistré dans:
| Auteur principal: | |
|---|---|
| Autres auteurs: | , |
| Format: | Chapitre de livre |
| Langue: | tchèque |
| Sujets: | |
| Tags: |
Pas de tags, Soyez le premier à ajouter un tag!
|
MARC
| LEADER | 00000naa$a2200000$$$4500 | ||
|---|---|---|---|
| 001 | 0055122 | ||
| 005 | 20231016100456.4 | ||
| 041 | 0 | |a cze | |
| 044 | |a CZ | ||
| 245 | 1 | 0 | |a Kambodžské království a Česká republika |c Miroslav Nožina, Jiří Šitler, Karel Kučera |
| 520 | |a Prvé správy o Kambodžskom kráľovstve v českom jazyku. Pohľad do histórie - Kambodža ako francúzska kolónia. Československo-kambodžské vzťahy v rokoch 1956-1970. Hospodárske, kultúrne a športové vzťahy. Prevrat v roku 1970 a postupné zmrazenie vzťahov s Kambodžou. Záverečná fáza diplomatických vzťahov pred nástupom Červených Khmérov v roku 1975. Pád Červených Khmérov a vzťahy do demokratických zmien v Československu v roku 1989. Nová éra vzťahov po roku 1989. | ||
| 610 | 2 | 0 | |a politika zahraničná |
| 610 | 2 | 0 | |a vzťahy medzinárodné |
| 610 | 2 | 0 | |a diplomacia |
| 610 | 2 | 0 | |a spolupráca medzinárodná |
| 610 | 2 | 0 | |a história |
| 610 | 2 | 0 | |a štát |
| 610 | 2 | 0 | |a moc politická |
| 610 | 2 | 0 | |a vývoj |
| 610 | 2 | 0 | |a Kambodža |
| 610 | 2 | 0 | |a Česko |
| 100 | 1 | |a Nožina, Miroslav | |
| 700 | 1 | |a Šitler, Jiří | |
| 700 | 1 | |a Kučera, Karel | |